Rituals of royalty (Record no. 127591)

MARC details
000 -LEADER
campo de control de longitud fija 00657nam a2200193 4500
001 - NÚMERO DE CONTROL
campo de control 127591
003 - IDENTIFICADOR DE NÚMERO DE CONTROL
campo de control ES-MaACL
007 - CAMPO FIJO DE DESCRIPCIÓN FÍSICA--INFORMACIÓN GENERAL
campo de control de longitud fija t|
008 - DATOS DE LONGITUD FIJA--INFORMACIÓN GENERAL
campo de control de longitud fija 070214s1987 xxk r ||||1| eng d
245 00 - MENCIÓN DEL TÍTULO
Título Rituals of royalty
Resto del título : power and ceremonial in traditional societies /
Mención de responsabilidad, etc. edited by David Cannadine and Simon Price.
260 ## - PUBLICACIÓN, DISTRIBUCIÓN, ETC.
Lugar de publicación, distribución, etc. Cambridge [etc.] :
Nombre del editor, distribuidor, etc. University Press,
Fecha de publicación, distribución, etc. 1987.
300 ## - DESCRIPCIÓN FÍSICA
Extensión XI, 349 p. :
Otras características físicas il. ;
Dimensiones 23 cm.
490 1# - MENCIÓN DE SERIE
Mención de serie Past and present publications
700 1# - ENTRADA AGREGADA--NOMBRE PERSONAL
Nombre de persona Cannadine, David.
9 (RLIN) 34514
700 1# - ENTRADA AGREGADA--NOMBRE PERSONAL
Nombre de persona Price, SImon.
9 (RLIN) 93846
830 0# - PUNTO DE ACCESO ADICIONAL DE SERIE-TÍTULO UNIFORME
Título uniforme Past and present publications
9 (RLIN) 219208
852 ## - LOCALIZACIÓN
Ubicación ES-MaACL
Número de control de estantería G-2933
Sublocalización o colección R.115331
Holdings
Estatus retirado Estado de pérdida Estado de daño No para préstamo Biblioteca de origen Biblioteca actual Ubicación en estantería Fecha de adquisición Fuente de adquisición Total de préstamos Signatura topográfica completa Código de barras Visto por última vez Precio de reemplazo Tipo de ítem Koha
        Biblioteca del Ateneo de Madrid Biblioteca del Ateneo de Madrid Depósito 2 17/01/2008     G-2933 1132891 23/02/2023 23/02/2023 Libro impreso